00446nam a2200169Ia 4500003000400000005001700004008004100021040000700062041001200069082001700081100001300098245007600111260002900187365001300216650003100229650001600260OSt20251023191439.0210423s2003 xx 000 0 und d cAL aEnglish a361.3 bGORS aGore M S aSocial developmentb: challenges faced in an unequal and plusal society bRawat Publicationsc2003 b675cINR aSocial Problems & Services aSocial Work